000 00850nam a2200253Ia 4500
003 OSt
005 20221005113400.0
006 a|||||r|||| 00| 0
007 ta
008 221004b |||||||| |||| 00| 0 pan d
020 _c200
024 _a116970
037 _b552, 14/12/2011, H.K. Prakashan
_cTextual
040 _aCRL
_cCRL
_bpan
041 _2pan
_apan
082 _azk, 153K1;P7
100 _aਕੇਸਰੀ, ਗੁਰਬਖ ਸਿੰਘ
245 0 _aਸੰਖਿਆ ਕੋ
260 _aਲਧਿਆਣਾ
_bਪੰਜਾਬੀ ਸਾਹਿਤ ਅਕਾਦਮੀ ਭਾਰਤ
_c2007
300 _a224ਪੰ
_ccm.
650 _aਪੰਜਾਬੀ ਸਾਹਿਤ
942 _hzk, 153K1;P7
_cTEXL
_2cc
999 _c1027994
_d1027994